3000 solved problems in linear algebra (Record no. 8056)

000 -LEADER
fixed length control field 00574 a2200181 4500
020 ## - INTERNATIONAL STANDARD BOOK NUMBER
International Standard Book Number 0070380236
040 ## - CATALOGING SOURCE
Original cataloging agency DLC
Language of cataloging DLC
082 0# - DEWEY DECIMAL CLASSIFICATION NUMBER
Classification number 512.5
100 10 - MAIN ENTRY--PERSONAL NAME
Personal name Lipschutz, Seymour.
245 10 - TITLE STATEMENT
Title 3000 solved problems in linear algebra
Statement of responsibility, etc. Seymour Lipschutz.
260 0# - PUBLICATION, DISTRIBUTION, ETC.
Place of publication, distribution, etc. New York :
Name of publisher, distributor, etc. McGraw-Hill,
Date of publication, distribution, etc. c1989.
300 ## - PHYSICAL DESCRIPTION
Extent vii, 480 p. :
Other physical details ill. ;
Dimensions 28 cm.
440 #0 - SERIES STATEMENT/ADDED ENTRY--TITLE
Title Schaum's solved problems series
650 #0 - SUBJECT ADDED ENTRY--TOPICAL TERM
Topical term or geographic name entry element Algebras, Linear
General subdivision Problems, exercises, etc.
740 01 - ADDED ENTRY--UNCONTROLLED RELATED/ANALYTICAL TITLE
Uncontrolled related/analytical title Three thousand solved problems in linear algebra.
740 01 - ADDED ENTRY--UNCONTROLLED RELATED/ANALYTICAL TITLE
Uncontrolled related/analytical title Linear algebra.
942 ## - ADDED ENTRY ELEMENTS (KOHA)
Koha item type Book
Call number prefix 512.5 LIP
Source of classification or shelving scheme
Holdings
Withdrawn status Lost status Damaged status Not for loan Collection code Permanent Location Current Location Shelving location Date acquired Source of acquisition Cost, normal purchase price Total Checkouts Total Renewals Full call number Barcode Date last seen Date last checked out Price effective from Koha item type
          Central Library (CL) Central Library (CL) General Stacks 01/09/2007 Progressive International Agencies 1618.11 17 10 512.5 LIP SEECS007962 05/31/2025 10/17/2024 01/05/2017 Book
© 2023 Central Library, National University of Sciences and Technology. All Rights Reserved.